Alternatívne spôsoby podnikania FO v SR a optimalizácia daňovej povinnosti diplomová práca

Enregistré dans:
Détails bibliographiques
Auteur principal: Papánová, Petra
Collectivité auteur: Národohospodárska fakulta EU. Katedra financií
Autres auteurs: Rabatinová, Marcela, 1977-
Format: Livre
Langue:slovaque
Publié: Bratislava 2020
Tags: Ajouter un tag
Pas de tags, Soyez le premier à ajouter un tag!

MARC

LEADER 00000nbm a2200000 4500
001 0264521
005 20200928144315.7
041 0 |a slo 
044 |a SK 
245 1 0 |a Alternatívne spôsoby podnikania FO v SR a optimalizácia daňovej povinnosti  |b diplomová práca  |c Petra Papánová ; školiteľ: Marcela Rabatinová 
264 1 |a Bratislava  |c 2020 
300 |a 66 s. 
100 1 |a Papánová, Petra 
700 1 |a Rabatinová, Marcela, 1977- 
710 2 |a Národohospodárska fakulta EU. Katedra financií